=LDR 00000nam 2200000 4500 =001 INLIS000000000033109 =005 20230116114126 =035 ##$$a 0010-061300000033109 =008 230116################g##########0#ind## =041 ##$$a ind =082 ##$$a 306.2 =090 ##$$a 306.2, Mar p =100 ##$$a Maran, Rafael Raga Maran =245 1#$$a Pengantar sosiologi politik /$c Rafael Raga Maran =260 ##$$a Jakarta :$b Rineka Cipta,$c 2007 =300 ##$$a x,220 hlm ; $c 14 x 21 cm =650 #4$$a Sosiologi Politik =850 ##$$a NBPNMAT =020 ##$$a 979-518-437-7 =084 ##$$a 306.2 MAR p =250 ##$$a cet. 1 =990 ##$$a 21003546 =990 ##$$a 20609491 =990 ##$$a 21003544 =990 ##$$a 21003547 =990 ##$$a 21003545 =990 ##$$a 20702199 =990 ##$$a 10606655 =990 ##$$a 20702199 =990 ##$$a 21003546 =990 ##$$a 20609491 =990 ##$$a 21003544 =990 ##$$a 21003547 =990 ##$$a 21003545 =990 ##$$a 10606655